000 01549nam a2200325 i 4500
001 44781
003 ES-MaACL
005 20251003185044.0
007 t|
008 161223m19711972sp abfo |||| |dspa d
080 _a94(100)
100 1 _aHofstätter, Hans Helmmut.
_9161476
245 1 3 _aHistoria universal comparada /
_cHans H. Hofstätter, Hannes Pixa ; [edición española, Guillermo Burrel ; traducción Manuel Vázquez y José M. Pomares].
250 _a1ª ed.
260 _aEsplugas de Llobregat (Barcelona) :
_bPlaza Janés,
_c1971-1972.
300 _a6 v. (p. de lám. col.) :
_bil., mapas ;
_c26 cm.
500 _aCronologías.
500 _aÍndices.
500 _aÍndice general: en últimas [39] p. del v. 6.
504 _aBibliografía: en últimas p. [41-43] del v. 6.
505 8 _aContiene: t. I ;
_tDesde el principio del mundo al 696 antes de Cristo (291, [10] p.) - t. II ;
_tDel 696 al 63 antes de Cristo (273, [10] p.) - t. III ;
_tDel 63 antes de Cristo al 660 de nuestra Era (287, [8] p.) - t. IV ;
_tDel 660 al 1250 de nuestra Era (310, [8] p.) - t. V ;
_tDel 1250 al 1700 de nuestra Era (300, [10] p.) - t. VI ;
_tDel 1700 a nuestros días (284, [44] p.)
650 7 _aHistoria universal
_2embne
_913429
650 0 4 _aHistoriografía.
_913439
700 1 _aPixa, Hannes.
_9161477
700 1 _aBurrel i Floría, Guillem.
_932766
700 1 _aVázquez Tomás, Manuel
_9113375
700 0 _aPomares, José M.,
_d1943-
_992903
852 _aES-MaACL
_jL-31152-57
_z- enc. guaflex
999 _c44781
_d44781